La Máquina de escribir Underwood : 6 grandes premios 6 grandes premios
Descripción Física:
24 p. : il. ; 22 cm
Materias:
Màquines d'escriure
MARC
| LEADER | 00000nam a2200000Ia 4500 | ||
|---|---|---|---|
| 001 | 19554 | ||
| 008 | 160829s9999 xx 000 0 cat d | ||
| 080 | |a RF-6-28 | ||
| 245 | |a La Máquina de escribir Underwood : |b 6 grandes premios | ||
| 260 | |a Barcelona : |b Imprenta Elzeviriana, [1910?] | ||
| 300 | |a 24 p. : |b il. ; |c 22 cm | ||
| 590 | |a Prové de 3789, exp. 1 | ||
| 650 | |a Màquines d'escriure |9 46688 | ||
| 856 | 4 | |u https://media.diba.cat/diba/fitxers/arxiu/fulletons/bib_19554_1910_baixa.pdf |y Accés lliure | |
| 856 | 4 | |u https://media.diba.cat/diba/fitxers/arxiu/fulletons/bib_19554_1910_baixa.pdf |y Accés lliure | |
| 901 | |a Arxiu | ||
| 942 | |n 1 |2 udc | ||
| 952 | |0 0 |1 0 |4 0 |6 RF628 |7 1 |9 53386 |a Arxiu |b Arxiu |d 2016-12-01 |l 0 |o RF-6-28 |p 19554 |r 2016-12-01 00:00:00 |w 2016-12-01 |y ARXIU | ||
| 999 | |c 57251 |d 57251 | ||
| 900 | |a bib_19554_1910_baixa.pdf | ||